[Event "Steyr Landesliga 1920"]
[Site "Austria"]
[Date "2019.11.16"]
[Round "4.5"]
[White "Wieser, Andreas"]
[Black "Brunner, Gerhard"]
[Result "1-0"]
[WhiteElo "2078"]
[BlackElo "1892"]
[PlyCount "63"]
[EventDate "2019.09.28"]
[EventType "team-tourn"]
[EventRounds "11"]
[EventCountry "AUT"]
[SourceTitle "CBM 193 Extra"]
[Source "ChessBase"]
[SourceDate "2020.01.31"]
[SourceVersion "1"]
[SourceVersionDate "2020.01.31"]
[SourceQuality "1"]
[WhiteTeam "Graz Styria"]
[BlackTeam "Baernbach"]
[WhiteTeamCountry "AUT"]
[BlackTeamCountry "AUT"]

1. e4 e6 2. Qe2 e5 3. Nf3 d6 4. d4 exd4 5. Nxd4 Nf6 6. Nc3 Be7 7. f4 0-0 8. Be3 Nc6 9. Nf3 Bd7 10. 0-0-0 Qc8 11. h3 a6 12. g4 b5 13. g5 Nh5 14. Qf2 f5 15. gxf6 Bxf6 16. Nd5 Bd8 17. Bd3 Nf6 18. Nc3 Nb4 19. Rdg1 Nxd3+ 20. cxd3 b4 21. Ne2 Ne8 22. f5 c5 23. Nf4 c4 24. d4 c3 25. b3 a5 26. Nh5 Rf7 27. Ng5 Bxg5 28. Rxg5 Nf6 29. Nxf6+ Rxf6 30. Rhg1 Rf7 31. d5 Kf8 32. Bd4 1-0

[Event "Graz op-B"]
[Site "Graz"]
[Date "2015.02.13"]
[Round "1"]
[White "Rauch, Heribert"]
[Black "Brunner, Gerhard"]
[Result "1/2-1/2"]
[WhiteElo "1760"]
[BlackElo "1951"]
[PlyCount "54"]
[EventDate "2015.02.13"]
[EventType "swiss"]
[EventRounds "9"]
[EventCountry "AUT"]
[SourceTitle "CBM 165 Extra"]
[Source "ChessBase"]
[SourceDate "2015.04.21"]
[SourceVersion "1"]
[SourceVersionDate "2015.04.21"]
[SourceQuality "1"]

1. d4 d5 2. c4 c6 3. Nf3 Nf6 4. Nc3 dxc4 5. a4 Bf5 6. Bf4 Nbd7 7. e3 Nh5 8. Bg3 Nxg3 9. hxg3 Nf6 10. Bxc4 e6 11. Ne5 Bb4 12. 0-0 Nd7 13. Nxd7 Qxd7 14. Bd3 Bg6 15. Qe2 a5 16. f4 Rd8 17. Bxg6 hxg6 18. Kf2 Qe7 19. Rh1 Rxh1 20. Rxh1 Bxc3 21. bxc3 Qa3 22. Rh8+ Ke7 23. Rxd8 Kxd8 24. Qc4 Qd6 25. Qb3 Kc7 26. c4 c5 27. Qb5 b6 1/2-1/2

[Event "Graz op-B 20th"]
[Site "Graz"]
[Date "2013.09.01"]
[Round "9"]
[White "Huliak, Peter"]
[Black "Brunner, Gerhard"]
[Result "1/2-1/2"]
[WhiteElo "1927"]
[BlackElo "1942"]
[PlyCount "110"]
[EventDate "2013.08.24"]
[EventType "swiss"]
[EventRounds "9"]
[EventCountry "AUT"]
[SourceTitle "EXT 2022"]
[Source "ChessBase"]
[SourceDate "2021.10.06"]
[SourceVersion "1"]
[SourceVersionDate "2021.10.06"]
[SourceQuality "1"]

1. e4 c5 2. Nc3 Nc6 3. Bc4 Nf6 4. Nf3 e6 5. e5 Ng4 6. Qe2 Qc7 7. d3 Ngxe5 8. Bf4 Nxf3+ 9. Qxf3 d6 10. 0-0 Nd4 11. Qg3 Bd7 12. Bb3 Nf5 13. Qf3 Bc6 14. Ne4 Nd4 15. Qe3 Qd7 16. c3 Nxb3 17. axb3 Be7 18. Qg3 Bxe4 19. Qxg7 0-0-0 20. dxe4 Rdg8 21. Qh6 Rg6 22. Qh3 e5 23. Qxd7+ Kxd7 24. Be3 a6 25. Rad1 Rhg8 26. g3 h5 27. Bxc5 Ke6 28. Be3 f5 29. exf5+ Kxf5 30. f4 h4 31. fxe5+ Kxe5 32. Bf4+ Ke6 33. Rde1+ Kd7 34. Rf3 Re6 35. Rxe6 Kxe6 36. Re3+ Kd7 37. Rd3 Kc6 38. Kf2 d5 39. Kf3 hxg3 40. hxg3 Bf6 41. Re3 Kd7 42. Re1 Rh8 43. Kg2 Re8 44. Rxe8 Kxe8 45. Be3 Kd7 46. Kf3 b5 47. b4 Ke6 48. Kf4 Be5+ 49. Kf3 Kf5 50. g4+ Kg6 51. Bf4 Bf6 52. Ke3 Bg7 53. Kd3 Bf6 54. Be3 Be7 55. b3 Bf6 1/2-1/2

[Event "Graz op-B 20th"]
[Site "Graz"]
[Date "2013.08.27"]
[Round "4"]
[White "Kapus, Florian"]
[Black "Brunner, Gerhard"]
[Result "1/2-1/2"]
[WhiteElo "1909"]
[BlackElo "1942"]
[PlyCount "49"]
[EventDate "2013.08.24"]
[EventType "swiss"]
[EventRounds "9"]
[EventCountry "AUT"]
[SourceTitle "EXT 2022"]
[Source "ChessBase"]
[SourceDate "2021.10.06"]
[SourceVersion "1"]
[SourceVersionDate "2021.10.06"]
[SourceQuality "1"]

1. d4 d5 2. c4 c6 3. Nf3 Nf6 4. Nc3 dxc4 5. a4 Bf5 6. Ne5 Nbd7 7. Nxc4 e6 8. g3 Bb4 9. Bg2 Nb6 10. Nxb6 Qxb6 11. 0-0 Rd8 12. e3 0-0 13. Qb3 a5 14. Na2 Bc5 15. Qxb6 Bxb6 16. b4 axb4 17. Nxb4 Ba5 18. Ba3 Rfe8 19. f3 Nd5 20. Nxd5 exd5 21. Bc1 Bd3 22. Rf2 Be1 23. Rfa2 Bc4 24. Rc2 Bd3 25. Rca2 1/2-1/2

[Event "Graz op-A 17th"]
[Site "Graz"]
[Date "2010.09.04"]
[Round "8"]
[White "Brunner, Gerhard"]
[Black "Matosec, Thomas"]
[Result "1/2-1/2"]
[WhiteElo "1992"]
[BlackElo "2088"]
[PlyCount "86"]
[EventDate "2010.08.21"]
[EventType "swiss"]
[EventRounds "9"]
[EventCountry "AUT"]
[SourceTitle "CBM 138 Extra"]
[Source "ChessBase"]
[SourceDate "2010.10.29"]
[SourceVersion "1"]
[SourceVersionDate "2010.10.29"]
[SourceQuality "1"]

1. e4 e6 2. d4 d5 3. Nd2 Nc6 4. c3 e5 5. exd5 Qxd5 6. Ngf3 exd4 7. Bc4 Qh5 8. Nxd4 Qxd1+ 9. Kxd1 Nxd4 10. cxd4 Bg4+ 11. f3 Bh5 12. Re1+ Be7 13. Kc2 0-0-0 14. Kc3 Bf6 15. Nb3 h6 16. Bf4 g5 17. Be5 Rh7 18. Re3 Bxe5 19. Rxe5 f6 20. Be6+ Kb8 21. Bxg8 Rxg8 22. Re6 f5 23. Rae1 b6 24. Rf6 f4 25. Ree6 Rgh8 26. Kd3 Bf7 27. Re5 Bxb3 28. axb3 Rd7 29. Ke4 a5 30. d5 Kb7 31. Rfe6 Ka6 32. Re7 Rhd8 33. Rxd7 Rxd7 34. Re6 Kb5 35. Rxh6 Kb4 36. Rc6 Kxb3 37. Ke5 Kxb2 38. Ke6 Rh7 39. Kf5 a4 40. d6 cxd6 41. Rxb6+ Kc3 42. Rxd6 Rxh2 43. Ra6 Kb3 1/2-1/2

[Event "Graz op-A 16th"]
[Site "Graz"]
[Date "2009.08.31"]
[Round "3"]
[White "Ebner, Hubert"]
[Black "Brunner, Gerhard"]
[Result "1-0"]
[WhiteElo "2206"]
[BlackElo "2012"]
[PlyCount "101"]
[EventDate "2009.08.29"]
[EventType "swiss"]
[EventRounds "9"]
[EventCountry "AUT"]
[SourceTitle "CBM 132 Extra"]
[Source "ChessBase"]
[SourceDate "2009.11.03"]
[SourceVersion "1"]
[SourceVersionDate "2009.11.03"]
[SourceQuality "1"]

1. d4 d5 2. Nf3 Nf6 3. c4 c6 4. Nc3 e6 5. Bg5 h6 6. Bxf6 Qxf6 7. e3 Nd7 8. Bd3 Bb4 9. 0-0 0-0 10. e4 dxc4 11. e5 Qe7 12. Bxc4 Bxc3 13. bxc3 b5 14. Bd3 Bb7 15. Qe2 a6 16. a4 Nb6 17. Qe4 g6 18. Qf4 Kg7 19. a5 Nd5 20. Qd2 Rac8 21. c4 Nc7 22. c5 Rcd8 23. Rfe1 Nd5 24. Rad1 Bc8 25. Re4 Bd7 26. Rh4 Rh8 27. Re1 Rdg8 28. Ree4 g5 29. Rh3 Kf8 30. Rg3 Nf4 31. h4 Nh5 32. Rgg4 f5 33. exf6 Nxf6 34. Ne5 Nxe4 35. Bxe4 Be8 36. Qe3 Rg7 37. Bxc6 Bxc6 38. Nxc6 Qc7 39. Qxe6 Qd7 40. Qf6+ Qf7 41. Qd8+ Qe8 42. Qd6+ Kg8 43. Ne5 Qc8 44. c6 Kh7 45. Nd7 Rd8 46. hxg5 Rdxd7 47. Qxh6+ Kg8 48. Qe6+ Kh8 49. Rh4+ Rh7 50. Rxh7+ Kxh7 51. Qxd7+ 1-0

[Event "Graz op-A 16th"]
[Site "Graz"]
[Date "2009.08.29"]
[Round "1"]
[White "Fauland, Peter"]
[Black "Brunner, Gerhard"]
[Result "1-0"]
[WhiteElo "2245"]
[BlackElo "2012"]
[PlyCount "39"]
[EventDate "2009.08.29"]
[EventType "swiss"]
[EventRounds "9"]
[EventCountry "AUT"]
[SourceTitle "CBM 132 Extra"]
[Source "ChessBase"]
[SourceDate "2009.11.03"]
[SourceVersion "1"]
[SourceVersionDate "2009.11.03"]
[SourceQuality "1"]

1. d4 d6 2. g3 Nf6 3. Bg2 Nc6 4. d5 Nb8 5. b3 e5 6. dxe6 fxe6 7. Bb2 Be7 8. h4 0-0 9. Nh3 e5 10. Ng5 h6 11. Bd5+ Nxd5 12. Qxd5+ Kh8 13. Nf7+ Rxf7 14. Qxf7 Nc6 15. Nc3 Nd4 16. Nd5 Bf8 17. Bxd4 exd4 18. Nxc7 Rb8 19. 0-0 Be7 20. Ne8 1-0

[Event "Graz op-A"]
[Site "Graz"]
[Date "2008.09.05"]
[Round "7"]
[White "Vilits, Andreas"]
[Black "Brunner, Gerhard"]
[Result "1/2-1/2"]
[WhiteElo "2037"]
[BlackElo "2009"]
[PlyCount "142"]
[EventDate "2008.08.30"]
[EventType "swiss"]
[EventRounds "9"]
[EventCountry "AUT"]
[SourceTitle "CBM 126 Extra"]
[Source "ChessBase"]
[SourceDate "2008.11.05"]
[SourceVersion "1"]
[SourceVersionDate "2008.11.05"]
[SourceQuality "1"]

1. d4 d6 2. c4 e5 3. e3 e4 4. Nc3 Nf6 5. Nge2 c6 6. d5 Bg4 7. Qc2 Bxe2 8. Bxe2 Qe7 9. b3 Na6 10. Ba3 Qe5 11. Rd1 c5 12. Bb2 Be7 13. h4 h5 14. a3 Kf8 15. Ba1 Rh6 16. Qb1 Re8 17. Nb5 Qf5 18. Nxa7 Ng4 19. Bxg4 Qxg4 20. g3 Nb8 21. Qc2 Qf3 22. Rg1 Rg6 23. Qe2 Qf5 24. Nb5 Nd7 25. b4 b6 26. Rf1 Ne5 27. Bxe5 Qxe5 28. Qc2 Bf6 29. bxc5 bxc5 30. Rb1 Bd8 31. Qc3 Qe7 32. a4 Qb7 33. Ke2 Qa6 34. Qb3 Ba5 35. Na3 Bb4 36. Nb5 Qb7 37. Qa2 Qd7 38. Kd1 Qf5 39. Ra1 Ra8 40. Qe2 Qe5 41. Ra2 Rf6 42. Qc2 Rf3 43. Nc7 Ra5 44. Nb5 Ke7 45. Na3 Qf5 46. Nb1 Rxe3 47. f3 Rxf3 48. Rxf3 Qxf3+ 49. Qe2 Qxe2+ 50. Kxe2 f5 51. Nd2 Kf6 52. Nb3 Ra7 53. a5 Ke5 54. Ke3 Bc3 55. a6 Bd4+ 56. Ke2 f4 57. gxf4+ Kxf4 58. Nxd4 cxd4 59. c5 dxc5 60. d6 Kg4 61. d7 Rxd7 62. a7 Rxa7 63. Rxa7 Kxh4 64. Rxg7 c4 65. Re7 Kg3 66. Rxe4 d3+ 67. Kd2 h4 68. Rxc4 h3 69. Kxd3 h2 70. Rc1 Kg2 71. Rc2+ Kg3 1/2-1/2

[Event "Graz op-A"]
[Site "Graz"]
[Date "2008.09.03"]
[Round "5"]
[White "Gross, Michael"]
[Black "Brunner, Gerhard"]
[Result "1-0"]
[WhiteElo "2083"]
[BlackElo "2009"]
[PlyCount "105"]
[EventDate "2008.08.30"]
[EventType "swiss"]
[EventRounds "9"]
[EventCountry "AUT"]
[SourceTitle "CBM 126 Extra"]
[Source "ChessBase"]
[SourceDate "2008.11.05"]
[SourceVersion "1"]
[SourceVersionDate "2008.11.05"]
[SourceQuality "1"]

1. d4 d6 2. Nf3 Bg4 3. e4 Nd7 4. Nc3 g6 5. Be2 Bg7 6. Be3 c5 7. 0-0 Qc7 8. Nd5 Qc6 9. Bb5 Qc8 10. c3 e6 11. Nf4 a6 12. Bxd7+ Qxd7 13. dxc5 Nf6 14. h3 Bxf3 15. Qxf3 0-0 16. Rfd1 Qc6 17. Rxd6 Qxe4 18. Qxe4 Nxe4 19. Rd7 Rac8 20. Rad1 Nxc5 21. Bxc5 Rxc5 22. Rxb7 Be5 23. Ne2 Rd5 24. Rxd5 exd5 25. Rd7 Re8 26. Rxd5 Bc7 27. Kf1 Re6 28. c4 a5 29. b3 Kf8 30. Nc3 Ke7 31. Rd2 Rd6 32. Rxd6 Bxd6 33. Ke2 Bc5 34. f4 Ke6 35. Kf3 f5 36. g4 h6 37. Nd5 fxg4+ 38. hxg4 h5 39. Kg3 hxg4 40. Kxg4 Kf7 41. Kg5 Bd6 42. Ne3 Be7+ 43. Kg4 Bc5 44. Nc2 Be7 45. a3 Ke6 46. b4 Kd7 47. f5 gxf5+ 48. Kxf5 Kc6 49. Ke4 Bf8 50. Nd4+ Kb6 51. c5+ Kb7 52. Kd5 axb4 53. axb4 1-0

[Event "Graz op-A"]
[Site "Graz"]
[Date "2008.09.02"]
[Round "4"]
[White "Brunner, Gerhard"]
[Black "Hess, Christian"]
[Result "0-1"]
[WhiteElo "2009"]
[BlackElo "2235"]
[PlyCount "46"]
[EventDate "2008.08.30"]
[EventType "swiss"]
[EventRounds "9"]
[EventCountry "AUT"]
[SourceTitle "CBM 126 Extra"]
[Source "ChessBase"]
[SourceDate "2008.11.05"]
[SourceVersion "1"]
[SourceVersionDate "2008.11.05"]
[SourceQuality "1"]

1. e4 c6 2. d4 d5 3. e5 c5 4. c3 Nc6 5. Nf3 cxd4 6. cxd4 Bg4 7. Be3 e6 8. a3 Bxf3 9. gxf3 Nge7 10. Bh3 Qb6 11. b4 a5 12. Qa4 Rc8 13. b5 Na7 14. Bf1 Nf5 15. Kd2 Be7 16. Nc3 0-0 17. Bd3 Nh4 18. Be2 f6 19. f4 fxe5 20. fxe5 Nf3+ 21. Kd3 Rc4 22. Qd1 Nxb5 23. Bxf3 Nxc3 0-1

[Event "Graz op-A"]
[Site "Graz"]
[Date "2008.08.30"]
[Round "1"]
[White "Krieger, Hermann"]
[Black "Brunner, Gerhard"]
[Result "1-0"]
[WhiteElo "2217"]
[BlackElo "2009"]
[PlyCount "99"]
[EventDate "2008.08.30"]
[EventType "swiss"]
[EventRounds "9"]
[EventCountry "AUT"]
[SourceTitle "CBM 126 Extra"]
[Source "ChessBase"]
[SourceDate "2008.11.05"]
[SourceVersion "1"]
[SourceVersionDate "2008.11.05"]
[SourceQuality "1"]

1. e4 c5 2. Nf3 d6 3. d4 cxd4 4. Nxd4 Nf6 5. Nc3 a6 6. f4 e6 7. a4 Be7 8. Bd3 Nc6 9. Nb3 0-0 10. 0-0 Nb4 11. Be3 Nxd3 12. cxd3 Bd7 13. g4 Ne8 14. d4 b5 15. a5 Nf6 16. g5 Ne8 17. Ne2 g6 18. Ng3 f5 19. exf5 exf5 20. d5 Ng7 21. Nd4 Rc8 22. h4 Qe8 23. Re1 Qf7 24. Qf3 Rfe8 25. Rac1 Bf8 26. Nc6 Bxc6 27. dxc6 Ne6 28. Red1 Nc7 29. Bd4 Re6 30. h5 Rce8 31. h6 R8e7 32. Bf2 Qe8 33. Qb3 Qf7 34. Qc3 Qe8 35. Bb6 Qf7 36. Kf2 Qe8 37. Rc2 Qf7 38. b4 Qe8 39. Bd4 Qf7 40. Qd2 Re8 41. Bb2 Be7 42. Qd4 Kf8 43. Rcc1 Bd8 44. Re1 Rxe1 45. Rxe1 Rxe1 46. Kxe1 Be7 47. Kf2 d5 48. Bc3 Bd6 49. Ne2 Kg8 50. Qh8# 1-0

[Event "AUT-ch qual"]
[Site "Koeflach"]
[Date "2006.09.09"]
[Round "8"]
[White "Brunner, Gerhard"]
[Black "Holzbauer, Johannes"]
[Result "1-0"]
[WhiteElo "2027"]
[BlackElo "2098"]
[PlyCount "63"]
[EventDate "2006.09.02"]
[EventType "swiss"]
[EventRounds "9"]
[EventCountry "AUT"]
[SourceTitle "CBM 114 Extra"]
[Source "ChessBase"]
[SourceDate "2006.11.03"]
[SourceVersion "1"]
[SourceVersionDate "2006.11.03"]
[SourceQuality "1"]

1. e4 d5 2. exd5 Qxd5 3. Nc3 Qd8 4. d4 Nf6 5. Nf3 Bg4 6. Be2 e6 7. h3 Bxf3 8. Bxf3 c6 9. Bg5 Nbd7 10. 0-0 Qa5 11. Bd2 Qb6 12. Ne2 e5 13. Re1 0-0-0 14. c3 Bd6 15. Qc2 Kb8 16. Be3 Qc7 17. b4 Rhe8 18. g3 e4 19. Bg2 Nd5 20. Nc1 Nxe3 21. Rxe3 f5 22. a3 Nf6 23. Re1 Qd7 24. Nb3 b6 25. c4 Bc7 26. a4 h5 27. b5 h4 28. a5 bxa5 29. bxc6 Qxc6 30. Nxa5 Bxa5 31. Rxa5 Rxd4 32. Qb2+ 1-0

[Event "AUT-ch qual"]
[Site "Koeflach"]
[Date "2006.09.08"]
[Round "7"]
[White "Froewis, Georg"]
[Black "Brunner, Gerhard"]
[Result "1-0"]
[WhiteElo "2112"]
[BlackElo "2027"]
[PlyCount "129"]
[EventDate "2006.09.02"]
[EventType "swiss"]
[EventRounds "9"]
[EventCountry "AUT"]
[SourceTitle "CBM 114 Extra"]
[Source "ChessBase"]
[SourceDate "2006.11.03"]
[SourceVersion "1"]
[SourceVersionDate "2006.11.03"]
[SourceQuality "1"]

1. e4 b6 2. d4 Bb7 3. Bd3 Nf6 4. Nd2 e6 5. c3 c5 6. Ne2 d5 7. e5 Nfd7 8. f4 Be7 9. Nf3 Ba6 10. Bc2 0-0 11. Be3 cxd4 12. Nexd4 Qc8 13. h4 Nc6 14. Bxh7+ Kxh7 15. Ng5+ Kh6 16. f5 Nxd4 17. Nxe6+ Kh7 18. Qh5+ Kg8 19. Ng5 Nf6 20. exf6 Qxf5 21. Bxd4 Bxf6 22. 0-0-0 Bxd4 23. Rxd4 f6 24. g4 Be2 25. gxf5 Bxh5 26. Ne6 Rf7 27. Rh3 Rd7 28. Rhd3 Bf7 29. Rxd5 Rxd5 30. Rxd5 Bxe6 31. fxe6 Kf8 32. Rd7 Re8 33. Rd6 Re7 34. Rc6 g6 35. a4 f5 36. a5 bxa5 37. h5 gxh5 38. Rc5 Rxe6 39. Rxf5+ Ke7 40. Rxh5 Ra6 41. Rh7+ Kd8 42. Kb1 Kc8 43. Ka2 Kb8 44. Ka3 Rb6 45. b3 Rc6 46. c4 Rb6 47. Rh5 Rf6 48. Rxa5 Rg6 49. Rh5 Rf6 50. Rh7 Ra6+ 51. Kb4 Rb6+ 52. Kc3 Rg6 53. c5 Rg4 54. b4 Rf4 55. b5 Rg4 56. c6 Rf4 57. Kb3 Rg4 58. Rh8+ Kc7 59. Ra8 Rg3+ 60. Kb4 a5+ 61. Ka4 Rg1 62. Ra7+ Kb8 63. b6 Ra1+ 64. Kb5 Rb1+ 65. Ka6 1-0

[Event "AUT-ch qual"]
[Site "Koeflach"]
[Date "2006.09.05"]
[Round "4"]
[White "Prager, Manfred1111"]
[Black "Brunner, Gerhard"]
[Result "0-1"]
[WhiteElo "2035"]
[BlackElo "2027"]
[PlyCount "104"]
[EventDate "2006.09.02"]
[EventType "swiss"]
[EventRounds "9"]
[EventCountry "AUT"]
[SourceTitle "CBM 114 Extra"]
[Source "ChessBase"]
[SourceDate "2006.11.03"]
[SourceVersion "1"]
[SourceVersionDate "2006.11.03"]
[SourceQuality "1"]

1. e4 c5 2. Nf3 d6 3. d4 cxd4 4. Nxd4 Nf6 5. Nc3 a6 6. Be2 e5 7. Nb3 Be6 8. 0-0 Be7 9. Be3 0-0 10. h3 d5 11. exd5 Nxd5 12. Nxd5 Bxd5 13. c4 Bc6 14. Qxd8 Bxd8 15. Rfd1 a5 16. Nd2 f5 17. Bc5 Re8 18. Nf1 Na6 19. Bd6 Bb6 20. c5 Nxc5 21. Bc4+ Kh8 22. Bf7 Red8 23. Bxe5 Ne4 24. Ne3 f4 25. Nf5 Bxf2+ 26. Kh2 Bg3+ 27. Kh1 h6 28. Bxg7+ Kh7 29. Bd4 Rf8 30. Be6 Rae8 31. Ng7 Nf2+ 32. Bxf2 Kxg7 33. Bd4+ Kg6 34. Bg4 f3 35. Bxf3 Bxf3 36. gxf3 Re2 37. Bc3 Rxf3 38. Rf1 Bf2 39. Bd4 Rxh3+ 40. Kg2 Rg3+ 41. Kh2 Be1+ 42. Kh1 Re4 43. Bf6 Bd2 44. Rad1 Re2 45. Bd4 Rg4 46. Rf6+ Kg5 47. Rd6 Bf4 48. Bf6+ Kf5 49. R1d5+ Ke4 50. Rd4+ Kf3 51. Rd3+ Be3 52. Bd8 Rg1# 0-1

[Event "Graz op"]
[Site "Graz"]
[Date "2005.09.06"]
[Round "4"]
[White "Schrank, Manfred"]
[Black "Brunner, Gerhard"]
[Result "0-1"]
[WhiteElo "1840"]
[BlackElo "2095"]
[PlyCount "78"]
[EventDate "2005.09.03"]
[EventType "swiss"]
[EventRounds "9"]
[EventCountry "AUT"]
[SourceTitle "EXT 2007"]
[Source "ChessBase"]
[SourceDate "2006.11.23"]
[SourceVersion "1"]
[SourceVersionDate "2006.11.23"]
[SourceQuality "1"]

1. d4 d6 2. c4 e5 3. dxe5 dxe5 4. Qxd8+ Kxd8 5. e4 c6 6. Nf3 f6 7. Be2 Be6 8. 0-0 Nd7 9. Be3 Be7 10. a3 a5 11. Nc3 Kc7 12. Na4 Nh6 13. h3 Nf7 14. Rad1 Rhe8 15. Nd2 b6 16. Rc1 Nd8 17. Rfd1 Nb7 18. Nf1 Nbc5 19. Nxc5 Nxc5 20. Ng3 Red8 21. Nf5 Bxf5 22. exf5 Nb3 23. Rxd8 Rxd8 24. Rd1 Nd4 25. Bd3 Bd6 26. Kf1 Bc5 27. Be4 b5 28. cxb5 cxb5 29. Rc1 Kb6 30. g4 a4 31. h4 Nb3 32. Bxc5+ Nxc5 33. Ke2 Nxe4 34. Ke3 Nc5 35. Rc3 h6 36. f4 exf4+ 37. Kxf4 Nd3+ 38. Kg3 Nxb2 39. Re3 Rd3 0-1

[Event "Graz op-B"]
[Site "Graz"]
[Date "1999.??.??"]
[Round "5"]
[White "Brunner, Gerhard"]
[Black "Hoebarth, Guenter"]
[Result "0-1"]
[WhiteElo "1870"]
[BlackElo "1980"]
[PlyCount "91"]
[EventDate "1999.09.17"]
[EventType "swiss"]
[EventRounds "9"]
[EventCountry "AUT"]
[SourceTitle "EXT 2001"]
[Source "ChessBase"]
[SourceDate "2000.11.22"]
[SourceVersion "1"]
[SourceVersionDate "2000.11.22"]
[SourceQuality "1"]

1. e4 d6 2. d4 Nf6 3. Nc3 c6 4. Nf3 Bg4 5. Be2 e6 6. h3 Bh5 7. 0-0 Be7 8. Be3 0-0 9. Nh2 Bxe2 10. Qxe2 Qa5 11. Rad1 Nbd7 12. Qd2 Qc7 13. f4 d5 14. e5 Ne4 15. Nxe4 dxe4 16. f5 exf5 17. Rxf5 g6 18. Rf4 f5 19. g4 Nb6 20. gxf5 Nc4 21. Qc3 Nxe3 22. Qxe3 gxf5 23. Kh1 Kh8 24. Qf2 Qd7 25. h4 Qd5 26. b3 b5 27. Qe3 Rad8 28. Qc1 Qf7 29. Qe3 Qh5 30. Qe1 Rg8 31. c4 bxc4 32. bxc4 Rg7 33. d5 Bc5 34. Qd2 cxd5 35. cxd5 Be3 36. Qxe3 Qxd1+ 37. Rf1 Qxd5 38. Rxf5 Qxa2 39. Qxe4 Rdg8 40. Rg5 Rxg5 41. hxg5 Qa1+ 42. Kg2 Rxg5+ 43. Kh3 Qxe5 44. Qa8+ Rg8 45. Qf3 a5 46. Kh4 0-1

[Event "Karl Wagner Memorial-B 5th"]
[Site "Graz"]
[Date "1998.??.??"]
[Round "3"]
[White "Koelldorfer, Franz"]
[Black "Brunner, Gerhard"]
[Result "0-1"]
[WhiteElo "1970"]
[BlackElo "1790"]
[PlyCount "130"]
[EventDate "1998.09.??"]
[EventType "swiss"]
[EventRounds "6"]
[EventCountry "AUT"]
[SourceTitle "EXT 2003"]
[Source "ChessBase"]
[SourceDate "2002.11.25"]
[SourceVersion "1"]
[SourceVersionDate "2002.11.25"]
[SourceQuality "1"]

1. d4 Nf6 2. Nf3 g6 3. Bg5 Bg7 4. Nbd2 d5 5. e3 0-0 6. Bd3 Nbd7 7. 0-0 c5 8. c3 c4 9. Bc2 b5 10. e4 dxe4 11. Nxe4 Bb7 12. Re1 Nxe4 13. Bxe4 Bxe4 14. Rxe4 Nf6 15. Re2 Nd5 16. Qd2 Qd6 17. Rae1 e6 18. Bh6 Rfe8 19. Bxg7 Kxg7 20. Ne5 Re7 21. g3 h6 22. h4 f6 23. Ng4 Rh8 24. Kg2 h5 25. Nh2 Qc6 26. f3 Qa6 27. a3 Qc6 28. Kf2 Qb6 29. f4 Qc6 30. Nf3 Kf7 31. Qc2 Rhe8 32. Nd2 Qc7 33. Qe4 Qb7 34. Qg2 Nb6 35. Ne4 Qd5 36. Qh3 Nc8 37. Qg2 Nd6 38. Nc5 Qxg2+ 39. Kxg2 Nb7 40. Na6 Rd8 41. Nb4 Rd6 42. d5 Nc5 43. Nc6 Red7 44. dxe6+ Nxe6 45. Nb4 Rd2 46. Kf3 Rxe2 47. Rxe2 Nc5 48. Nc6 Rc7 49. Nd8+ Kf8 50. Ne6+ Nxe6 51. Rxe6 Kf7 52. Ra6 Rd7 53. f5 g5 54. hxg5 fxg5 55. Ke4 Re7+ 56. Kd4 Re2 57. a4 bxa4 58. Kxc4 Rxb2 59. Rxa4 Rg2 60. Kd4 Rxg3 61. c4 Kf6 62. Ra5 h4 63. c5 h3 64. Rxa7 h2 65. Rh7 Rg4+ 0-1